The River Jordan, Being an Illustrated Account of Earth's Most Storied River/ (Record no. 13241)
[ view plain ]
| 000 -LEADER | |
|---|---|
| fixed length control field | 01005cam a2200265u 4500 |
| 001 - CONTROL NUMBER | |
| control field | 6469125 |
| 005 - DATE AND TIME OF LATEST TRANSACTION | |
| control field | 20080627161052.0 |
| 008 - FIXED-LENGTH DATA ELEMENTS--GENERAL INFORMATION | |
| fixed length control field | 830302s1946 pauabc |r 001 0 eng d |
| 010 ## - LIBRARY OF CONGRESS CONTROL NUMBER | |
| LC control number | 46002845 |
| 040 ## - CATALOGING SOURCE | |
| Original cataloging agency | DLC |
| Transcribing agency | CarP |
| Modifying agency | DLC |
| 043 ## - GEOGRAPHIC AREA CODE | |
| Geographic area code | a-is--- |
| 050 00 - LIBRARY OF CONGRESS CALL NUMBER | |
| Classification number | DS110.J6 |
| Item number | G55 |
| 082 ## - DEWEY DECIMAL CLASSIFICATION NUMBER | |
| Classification number | 220.91 |
| Edition number | 22 |
| Item number | GLU |
| 100 1# - MAIN ENTRY--PERSONAL NAME | |
| Personal name | Glueck, Nelson, |
| Dates associated with a name | 1900- |
| 9 (RLIN) | 10808 |
| 245 04 - TITLE STATEMENT | |
| Title | The River Jordan, Being an Illustrated Account of Earth's Most Storied River/ |
| Statement of responsibility, etc | By Nelson Glueck |
| 260 ## - PUBLICATION, DISTRIBUTION, ETC. (IMPRINT) | |
| Place of publication, distribution, etc | Philadelphia: |
| Name of publisher, distributor, etc | The Westminster press, 1946 |
| Date of publication, distribution, etc | 1946 |
| 300 ## - PHYSICAL DESCRIPTION | |
| Extent | 268 p.: |
| Other physical details | incl. front., illus. (incl. ports., map); |
| Dimensions | 24 cm. |
| 500 ## - GENERAL NOTE | |
| General note | Donated by: Alaa Abdel Ghany |
| 500 ## - GENERAL NOTE | |
| General note | Includes indexes |
| 630 00 - SUBJECT ADDED ENTRY--UNIFORM TITLE | |
| Uniform title | Bible |
| General subdivision | Geography. |
| 9 (RLIN) | 10809 |
| 651 #0 - SUBJECT ADDED ENTRY--GEOGRAPHIC NAME | |
| Geographic name | Jordan River. |
| 9 (RLIN) | 10810 |
| 651 #0 - SUBJECT ADDED ENTRY--GEOGRAPHIC NAME | |
| Geographic name | Palestine |
| General subdivision | Description and travel. |
| 9 (RLIN) | 10811 |
| 942 ## - ADDED ENTRY ELEMENTS (KOHA) | |
| Source of classification or shelving scheme | Dewey Decimal Classification |
| Item type | Book - Borrowing |
| Withdrawn status | Item status | Source of classification or shelving scheme | Damaged status | Not for loan | Vendor | Home library | Current library | Shelving location | Date acquired | Source of acquisition | Total Checkouts | Full call number | Barcode | Date last seen | Koha item type |
|---|---|---|---|---|---|---|---|---|---|---|---|---|---|---|---|
| Dewey Decimal Classification | Central Library | Central Library | Lower Floor | 01/02/2010 | Donation | 220.91 GLU | 000019544 | 15/07/2025 | Book - Borrowing |